1939 1252 1247 1541 1154 1564 1055 1636 1161 1194 1694 1518 1390 1866 1209 1696 1843 1725 1015 1819 1365 1312 1664 1786 1535 1872 1552 1881 1033 1443 1248 1391 1086 1181 1382 1271 1382 1166 1531 1873 1933 1294 1133 1426 1922 1410 1008 1261 1918 1196 1443 1045 1050 1872 1165 1649 1488 1583 1118 1788 1879 1211 2000 1982 1916 1216 1645 1183 1475 1278 1799 1739 1870 1907 1331 1029 1892 1096 1713 1808 1255 1986 1285 1596 1223 1400 1801 1307 1460 1659 1908 1000 1928 1690 1174 1268 1521 1330 1423 BCNSPRNW ULIB Ver.6.0+V

เปลี่ยนเป็นภาษาไทย

Change to English
 แสดงรายละเอียดบรรณานุกรม
  กลับหน้าหลัก

Brief Record : Get Marc (ISO 2709) : E-mail record : QR code < ปิดหน้าต่าง
LEADER : 00000nam 2200000uu 4500
001    13399111759
003     ULIB
008    110707s2549||||th 000 0 tha d
020    9749452933
020    9789749452936
050  4 DS799.24^bศ719ต 2549
100 0  ศุภลักษณ์ สนธิชัย
245 10 ไต้หวัน( คู่มือนักเดินทางฉบับพกพา) /^cศุภลักษณ์ สนธิชัย
250    พิมพ์ครั้งที่ 2
260    กรุงเทพฯ :^bอทิตตา,^c2549
300    150 หน้า :^bภาพประกอบสี
651  7 ไต้หวัน
945    ^p100^l0^i027990
995    ทศพร
999 ^a ใช้งานได้ทุกระบบ
รายการนี้ยังไม่มีแท็ก
คุณยังไม่ได้ล็อกอิน คุณสามารถมีกิจกรรมร่วมกับเว็บไซต์ได้ แต่ต้องล็อกอินก่อน ::
  ล็อกอิน

รายการสื่อสารสนเทศ

ลำดับที่ ประเภท เลขเรียก/บาร์โค้ด สถานที่ สถานะ
- ไม่พบข้อมูล -

รายการใกล้เคียง
    ผู้แต่ง [ศุภลักษณ์ สนธิชัย]

BibComment


ยังไม่เคยถูกคอมเมนท์

คอมเมนท์ทรัพยากรรายการนี้
  คอมเมนท์: ไต้หวัน คู่มือนัก..


 Copyright 2026. Bcnsprnw @Library